000 01225nam a2200301 a 4500
001 000015307
005 20260305073958.0
008 100205s2001 dr ac 000 0 spa d
020 _a9993400076
040 _aDO-SdBNP
_bspa
_cBNPHU
082 _aR320.729303
_bG377d
100 1 _aGerón, Candido,
_d1948-
_93577
245 1 0 _aDiccionario político dominicano (1821-2000) /
_cCandido Gerón edición de Diógenes Céspedes ... [et al.].
260 _aSanto Domingo :
_bEditora de Colores,
_c2001.
300 _a696 p. :
_bil., retrs. ;
_c31 cm.
500 _aIncluye índice
500 _aIncluye datos biográficos del autor en la solapa de la cubierta
504 _aBibliogrfías: p. 657-658
650 4 _aPolíticos
_zRepública Dominicana
_xDiccionarios
_xEspañol
_934616
650 4 _aPolíticos
_zRepública Dominicana
_xDiccionarios
_xEspañol
_934616
651 4 _aRepública Dominicana
_xPolítica Y Gobierno
_xDiccionarios
_xEspañol
_934617
700 1 _aAlfau del Valle, Salvador,
_eed.
_934618
700 1 _aDobarro, Clara,
_eed.
_934619
700 1 _aPolanco Macías, Raysa,
_eed.
_934620
700 1 _aCéspedes, Diógenes,
_d1941-
_eed.
_920548
910 _aValidado. Control de calidad BNPHU
049 _aBNPD
999 _c14873
_d14873